| 000 | 00573nam a2200169 a 4500 | ||
|---|---|---|---|
| 001 | 000042227 | ||
| 005 | 20201002040021.0 | ||
| 008 | 131120s1968 sp ac 000 0 spa d | ||
| 040 |
_aDO-SdBNP _bspa _cBNPHU |
||
| 082 |
_axxxx _bxxx |
||
| 100 | 1 |
_aValdivia Sánchez, Carmen _969249 |
|
| 245 | 1 | 0 |
_aIntroducción al estudio de la didactica. / _cCarmen Valdivia Sánchez. |
| 260 |
_aMadrid : _bIter ediciones, _c1968. |
||
| 300 |
_a45 p. : _bil., retr. ; _c23 cm. |
||
| 500 | _aPerteneció a la biblioteca personal de Aída Cartagena Portalatín. | ||
| 504 | _aBibliografia p: 45 | ||
| 999 |
_c41716 _d41716 |
||